Patrząc z Ameryki czyli faxem z Nowego Jorku / (Rekord nr 48126)
| 000 -ETYKIETA REKORDU | |
|---|---|
| podpole kontrolne o stałej długości | 00565nam a2200181 i 4500 |
| 001 - NUMER KONTROLNY REKORDU | |
| pole kontrolne | bgj |
| 020 ## - MIĘDZYNARODOWY ZNORMALIZOWANY NUMER KSIĄŻKI - ISBN | |
| ISBN | 839001212X (pbk) |
| 040 ## - ŹRÓDŁO KATALOGOWANIA | |
| Instytucja, która utworzyła rekord | BPK |
| 041 0# - KOD JĘZYKA | |
| Kod języka tekstu | pol |
| 920 ## - Międzynarodowy znormalizowany numer książki – ISBN | |
| ISBN | 83-900121-2-X (pbk) |
| 008 - POLE O STAŁEJ DŁUGOŚCI - DANE KONTROLNE | |
| podpole kontrolne o stałej długości | s pl f |000 0 pol |
| 100 1# - NAZWA OSOBOWA | |
| Nazwa osobowa | WASIUTYŃSKI, Wojciech |
| 245 10 - TYTUŁ/ODPOWIEDZIALNOŚĆ | |
| Tytuł | Patrząc z Ameryki czyli faxem z Nowego Jorku / |
| Pozostałe elementy strefy tytułu i oznaczenia odpowiedzialności | Wojciech Wasiutyński. |
| 260 ## - STREFA ADRESU WYDAWNICZEGO | |
| Miejsce wydania | Gdańsk : |
| Nazwa wydawcy/dystrybutora | Wydawnictwo Gdańskie, |
| Data publikacji, dystrybucji/powstania dokumentu | 1991= |
| Nazwa wydawcy/dystrybutora | Societas Amicorum Catholicae Juventutis Poloniae. |
| 300 ## - STREFA OPISU FIZYCZNEGO | |
| Objętość | III, 131, [3] ; |
| Rozmiary | 21 cm. |
| 650 #9 - HASŁO PRZEDMIOTOWE W FORMIE NAZWY OGÓLNEJ LUB JEDNOSTKOWEJ | |
| Nazwa ogólna lub geograficzna | Journalism |
| -- | Publicity |
| 856 ## - LOKALIZACJA I DOSTĘP DO ELEKTRONICZNYCH DOKUMENTÓW ZDALNYCH | |
| Link (URL) | http://koha.tu.koszalin.pl/cgi-bin/koha/opac-detail.pl?biblionumber=48126 |
| Tekst linku | Katalog online BPK |
| 942 ## - DODATKOWE ELEMENTY (KOHA) | |
| Typ dokumentu | Książka |
| Wycofany | Status egzemplarza | Uszkodzony | Dostępność | Lokalizacja stała | Lokalizacja bieżąca | Miejsce przechowywania | Sygnatura | Kod kreskowy | Typ dokumentu |
|---|---|---|---|---|---|---|---|---|---|
| Dostępny | Biblioteka Politechniki Koszalińskiej | Biblioteka Politechniki Koszalińskiej | Wypożyczalnia Językowa | KA 5267 | 09085879 | Książka | |||
| Dostępny | Biblioteka Politechniki Koszalińskiej | Biblioteka Politechniki Koszalińskiej | Wypożyczalnia Językowa | KA 5268 | 09085886 | Książka |
